Countries With The Most Negative Opinion On Israel - Statistics

General Stats
  • This quiz has been taken 62 times
  • The average score is 25 of 40
Answer Stats
% Country % Correct
92 Iran
96%
88 Egypt
92%
98 Lebanon
92%
95 Iraq
90%
82 Saudi Arabia
90%
96 Syria
90%
70 Qatar
81%
89 Turkey
81%
87 Algeria
79%
80 Oman
79%
93 Jordan
77%
82 Morocco
77%
64 Russia
77%
74 France
75%
85 Pakistan
75%
84 Tunisia
75%
82 China
73%
81 Kuwait
71%
85 Sudan
71%
74 United Arab Emirates
69%
78 Spain
65%
70 Germany
58%
83 Indonesia
58%
65 Brazil
56%
76 Norway
54%
72 Sweden
54%
73 Canada
50%
62 Portugal
50%
64 Mexico
48%
71 Netherlands
48%
72 Denmark
46%
75 Malaysia
44%
67 Argentina
42%
69 Belgium
42%
68 Chile
42%
68 Australia
40%
63 Colombia
40%
69 Venezuela
35%
70 Switzerland
31%
62 South Africa
29%
No matching quizzes found
Score Distribution
Percent of People with Each Score
Percentile by Number Answered
Your Score History
You have not taken this quiz